|
|
|
|
| LEADER |
00000nam0a2200000 4500 |
| 001 |
355799 |
| 005 |
20231102010830.0 |
| 035 |
|
|
|a (RuTPU)RU\TPU\retro\13059
|
| 090 |
|
|
|a 355799
|
| 100 |
|
|
|a 20200713d1973 km y0rusy50 ca
|
| 101 |
0 |
|
|a rus
|
| 102 |
|
|
|a RU
|
| 105 |
|
|
|a a z 001zy
|
| 200 |
1 |
|
|a Сборник номограмм из равноудаленных точек для гидравлического расчета газопроводов
|f С. Н. Борисов
|g Академия наук СССР, Вычислительный центр
|
| 210 |
|
|
|a Москва
|c Изд-во Вычислительного центра АН СССР
|d 1973
|
| 215 |
|
|
|a 17 с.
|c ил.
|e Прилож.: 6 л. номограмм
|
| 320 |
|
|
|a Библиогр.: с. 16
|
| 606 |
1 |
|
|a Газопроводы
|x Гидравлический расчет
|2 stltpush
|3 (RuTPU)RU\TPU\subj\5036
|9 33205
|
| 610 |
1 |
|
|a номограммы
|
| 610 |
1 |
|
|a номографические расчеты
|
| 610 |
1 |
|
|a расчетные формулы
|
| 610 |
1 |
|
|a описание
|
| 610 |
1 |
|
|a построение
|
| 675 |
|
|
|a 622691.4.07
|v 4
|
| 700 |
|
1 |
|a Борисов
|b С. Н.
|
| 712 |
0 |
2 |
|a Академия наук СССР
|b Вычислительный центр
|2 stltpush
|3 (RuTPU)RU\TPU\col\11481
|9 25121
|
| 801 |
|
1 |
|a RU
|b 63413507
|c 20200713
|
| 801 |
|
2 |
|a RU
|b 63413507
|c 20210311
|g RCR
|
| 942 |
|
|
|c BK
|